[Event "HUN-chT2 Asztalos 1819"]
[Site "Hungary"]
[Date "2019.03.31"]
[Round "8.1"]
[White "Veress, Robert"]
[Black "Botos, Ferenc"]
[Result "1/2-1/2"]
[WhiteElo "2187"]
[BlackElo "2148"]
[PlyCount "29"]
[EventDate "2018.10.28"]
[EventType "team-tourn"]
[EventRounds "9"]
[EventCountry "HUN"]
[SourceTitle "EXT 2021"]
[Source "ChessBase"]
[SourceDate "2020.10.23"]
[SourceVersion "1"]
[SourceVersionDate "2020.10.23"]
[SourceQuality "1"]
[WhiteTeam "Kaposvar Bastya"]
[BlackTeam "Sarosd"]
[WhiteTeamCountry "HUN"]
[BlackTeamCountry "HUN"]

1. d4 Nf6 2. c4 e6 3. Nf3 d5 4. g3 Be7 5. Bg2 0-0 6. 0-0 c6 7. Qc2 Nbd7 8. Rd1 Re8 9. Nbd2 Bd6 10. e4 Nxe4 11. Nxe4 dxe4 12. Qxe4 Nf6 13. Qc2 Qe7 14. b3 c5 15. Ba3 1/2-1/2

[Event "HUN-chT2 Asztalos 1819"]
[Site "Hungary"]
[Date "2018.10.28"]
[Round "1.1"]
[White "Botos, Ferenc"]
[Black "Vidic, Stevan"]
[Result "1/2-1/2"]
[WhiteElo "2148"]
[BlackElo "2261"]
[PlyCount "42"]
[EventDate "2018.10.28"]
[EventType "team-tourn"]
[EventRounds "9"]
[EventCountry "HUN"]
[SourceTitle "CBM 189 Extra"]
[Source "ChessBase"]
[SourceDate "2019.06.03"]
[SourceVersion "1"]
[SourceVersionDate "2019.06.03"]
[SourceQuality "1"]
[WhiteTeam "Sarosd"]
[BlackTeam "Baja Spartacus"]
[WhiteTeamCountry "HUN"]
[BlackTeamCountry "HUN"]

1. d4 d5 2. Nf3 Nf6 3. c4 e6 4. Nc3 Be7 5. Bf4 0-0 6. e3 c6 7. Bd3 dxc4 8. Bxc4 b5 9. Bd3 a6 10. 0-0 Bb7 11. Rc1 Nbd7 12. Ne4 Nxe4 13. Bxe4 Rc8 14. Ne5 Nxe5 15. Bxe5 Qd7 16. Qd3 h6 17. Rfd1 c5 18. Bxb7 Qxb7 19. dxc5 Bxc5 20. Bxg7 Rfd8 21. Bd4 Qd5 1/2-1/2

[Event "HUN-chT2 Asztalos 1617"]
[Site "Hungary"]
[Date "2016.12.11"]
[Round "6.1"]
[White "Horvath, Jozsef M"]
[Black "Botos, Ferenc"]
[Result "0-1"]
[WhiteElo "2068"]
[BlackElo "2168"]
[PlyCount "132"]
[EventDate "2016.09.25"]
[EventType "team-tourn"]
[EventRounds "11"]
[EventCountry "HUN"]
[SourceTitle "EXT 2021"]
[Source "ChessBase"]
[SourceDate "2020.10.23"]
[SourceVersion "1"]
[SourceVersionDate "2020.10.23"]
[SourceQuality "1"]
[WhiteTeam "Sarosd"]
[BlackTeam "Fehervar"]
[WhiteTeamCountry "HUN"]
[BlackTeamCountry "HUN"]

1. d4 Nf6 2. c4 e6 3. Nc3 Bb4 4. e3 0-0 5. Bd3 Bxc3+ 6. bxc3 d6 7. a4 Re8 8. f3 c5 9. Ne2 Nc6 10. 0-0 b6 11. Ng3 Ba6 12. Qe2 Rc8 13. Ba3 Qe7 14. Rfd1 Rc7 15. Rab1 Rd8 16. Nf1 Qe8 17. Ra1 Na5 18. Nd2 Rdc8 19. Rdc1 Qd7 20. e4 e5 21. d5 Nh5 22. g3 g6 23. Qe3 Kh8 24. Rf1 Rg8 25. Qh6 f6 26. Bc1 Qg7 27. Qxg7+ Rcxg7 28. Be2 Re7 29. Kf2 f5 30. Ke3 f4+ 31. Kf2 fxg3+ 32. hxg3 Rf7 33. Kg2 Rgf8 34. Rb1 Nf6 35. Kh2 Kg7 36. Kg2 h6 37. Kh2 g5 38. Kg2 Kg6 39. f4 gxf4 40. gxf4 exf4 41. Rxf4 Nd7 42. Rxf7 Rxf7 43. Bg4 Ne5 44. Bf5+ Rxf5 45. exf5+ Kxf5 46. Nf3 Bxc4 47. Nxe5 Kxe5 48. Bxh6 Bb3 49. Re1+ Kxd5 50. Ra1 Kc4 51. Bg7 Kd3 52. Kf2 d5 53. Ke1 Nc4 54. Kf2 a5 55. Bf6 Kc2 56. Ke2 Kb2 57. Rg1 Bxa4 58. Rg5 Bc6 59. Kd3 a4 60. Rg2+ Kb3 61. Rg1 a3 62. Rb1+ Nb2+ 63. Kd2 Bd7 64. Bd8 a2 65. Ra1 Bf5 66. Bf6 Bb1 0-1

[Event "HUN-chT2 Asztalos 1617"]
[Site "Hungary"]
[Date "2016.10.30"]
[Round "3.2"]
[White "Kele, Karoly"]
[Black "Botos, Ferenc"]
[Result "1-0"]
[WhiteElo "2095"]
[BlackElo "2168"]
[PlyCount "83"]
[EventDate "2016.09.25"]
[EventType "team-tourn"]
[EventRounds "11"]
[EventCountry "HUN"]
[SourceTitle "EXT 2021"]
[Source "ChessBase"]
[SourceDate "2020.10.23"]
[SourceVersion "1"]
[SourceVersionDate "2020.10.23"]
[SourceQuality "1"]
[WhiteTeam "Pecs Karmin"]
[BlackTeam "Fehervar"]
[WhiteTeamCountry "HUN"]
[BlackTeamCountry "HUN"]

1. e4 e6 2. d4 c5 3. Nf3 cxd4 4. Nxd4 Nf6 5. Nc3 Bb4 6. Bd3 Nc6 7. Nxc6 bxc6 8. e5 Qa5 9. exf6 Qe5+ 10. Kf1 gxf6 11. Ne2 Qc7 12. c4 h5 13. Be3 c5 14. Be4 Rb8 15. Bf4 e5 16. Be3 h4 17. Qd3 d6 18. Rd1 Ke7 19. Nc3 Bxc3 20. Qxc3 f5 21. Bd5 Bd7 22. Ke2 f4 23. Bc1 Bg4+ 24. f3 Bh5 25. Qd3 Rbg8 26. Rhg1 Qd7 27. Kf2 h3 28. g4 fxg3+ 29. Rxg3 Rxg3 30. hxg3 h2 31. Rh1 Bg6 32. Be4 f5 33. Bg5+ Kf7 34. Bd5+ Kg7 35. f4 Rh5 36. Kg2 Qa4 37. a3 Qa5 38. Rxh2 Qe1 39. Rxh5 Bxh5 40. fxe5 Bg4 41. Qe3 Be2 42. exd6 1-0

[Event "HUN-chT2 Asztalos 1516"]
[Site "Hungary"]
[Date "2016.04.17"]
[Round "11.2"]
[White "Vidic, Stevan"]
[Black "Botos, Ferenc"]
[Result "1/2-1/2"]
[WhiteElo "2280"]
[BlackElo "2201"]
[PlyCount "133"]
[EventDate "2015.09.13"]
[EventType "team-tourn"]
[EventRounds "11"]
[EventCountry "HUN"]
[SourceTitle "EXT 2017"]
[Source "ChessBase"]
[SourceDate "2016.10.25"]
[SourceVersion "1"]
[SourceVersionDate "2016.10.25"]
[SourceQuality "1"]
[WhiteTeam "Baja Spartacus"]
[BlackTeam "Fehervar"]
[WhiteTeamCountry "HUN"]
[BlackTeamCountry "HUN"]

1. e4 c6 2. c4 e5 3. Nf3 d6 4. d4 Bg4 5. Be2 Nd7 6. 0-0 Ngf6 7. Nc3 Qc7 8. Be3 Be7 9. d5 Bxf3 10. Bxf3 0-0 11. g3 Nb6 12. b3 cxd5 13. Nxd5 Nbxd5 14. cxd5 Rfc8 15. Rc1 Qa5 16. Rc2 Qd8 17. Rxc8 Rxc8 18. Qd2 a6 19. Qb4 Qd7 20. a4 g6 21. Rc1 Rxc1+ 22. Bxc1 Qc7 23. Be3 Bd8 24. Kg2 Nd7 25. Bd1 Nf6 26. Bf3 Nd7 27. Be2 Kg7 28. Qd2 Nc5 29. Qc2 Qb6 30. Bc4 Qb4 31. Bd2 Qa3 32. Bc3 b5 33. axb5 axb5 34. Bxb5 Qxb3 35. Bxe5+ dxe5 36. Qxc5 Qb2 37. d6 Ba5 38. d7 Qd4 39. Qxd4 exd4 40. f4 Kf6 41. Kf3 Ke7 42. Ke2 Bb6 43. Kd3 Ba7 44. e5 Bb6 45. Ke4 h5 46. h3 Ba7 47. f5 gxf5+ 48. Kxf5 Bb6 49. Ke4 Ba7 50. Ba4 Bb6 51. Bb5 Ba7 52. Kf5 Bb6 53. Kg5 Bd8 54. Kf5 Bb6 55. Be2 h4 56. gxh4 d3 57. Bxd3 Kxd7 58. h5 Ke7 59. h6 Kf8 60. Bc4 Kg8 61. Bxf7+ Kh8 62. Bg6 Bd4 63. e6 Bc5 64. Kf6 Bb4 65. Kf7 Bc5 66. e7 Bxe7 67. Kxe7 1/2-1/2

[Event "HUN-chT2 Asztalos 1516"]
[Site "Hungary"]
[Date "2016.04.03"]
[Round "10.2"]
[White "Botos, Ferenc"]
[Black "Kiss, Zoltan"]
[Result "1-0"]
[WhiteElo "2201"]
[BlackElo "2053"]
[PlyCount "55"]
[EventDate "2015.09.13"]
[EventType "team-tourn"]
[EventRounds "11"]
[EventCountry "HUN"]
[SourceTitle "EXT 2017"]
[Source "ChessBase"]
[SourceDate "2016.10.25"]
[SourceVersion "1"]
[SourceVersionDate "2016.10.25"]
[SourceQuality "1"]
[WhiteTeam "Fehervar"]
[BlackTeam "Pet"]
[WhiteTeamCountry "HUN"]
[BlackTeamCountry "HUN"]

1. d4 Nf6 2. Nf3 e6 3. c4 d5 4. Nc3 Be7 5. Bf4 0-0 6. e3 c6 7. c5 Nbd7 8. Bd3 g6 9. b4 Nh5 10. 0-0 Nxf4 11. exf4 Bf6 12. Qb3 Qc7 13. g3 Bg7 14. Rfe1 Re8 15. Bf1 Rb8 16. Rab1 b6 17. cxb6 axb6 18. Rec1 c5 19. Nb5 Qd8 20. bxc5 bxc5 21. dxc5 Qa5 22. c6 Nf6 23. Ne5 Ne4 24. Qb4 Qb6 25. Rc2 Bxe5 26. fxe5 Ba6 27. a4 d4 28. a5 1-0

[Event "HUN-chT2 Asztalos 1516"]
[Site "Hungary"]
[Date "2015.12.06"]
[Round "6.2"]
[White "Botos, Ferenc"]
[Black "Toth, David"]
[Result "1-0"]
[WhiteElo "2177"]
[BlackElo "1988"]
[PlyCount "59"]
[EventDate "2015.09.13"]
[EventType "team-tourn"]
[EventRounds "11"]
[EventCountry "HUN"]
[SourceTitle "CBM 170 Extra"]
[Source "ChessBase"]
[SourceDate "2016.02.25"]
[SourceVersion "1"]
[SourceVersionDate "2016.02.25"]
[SourceQuality "1"]
[WhiteTeam "Fehervar"]
[BlackTeam "Pecs Karmin"]
[WhiteTeamCountry "HUN"]
[BlackTeamCountry "HUN"]

1. d4 Nf6 2. Nc3 d5 3. Bg5 e6 4. e4 dxe4 5. Bxf6 Qxf6 6. Nxe4 Qd8 7. Nf3 Be7 8. Bd3 Nd7 9. Qe2 Nf6 10. Nxf6+ Bxf6 11. 0-0-0 c6 12. c3 Qa5 13. Kb1 Bd7 14. h4 h6 15. g4 0-0-0 16. Nd2 Qc7 17. f4 Qxf4 18. Rdf1 Qd6 19. Ne4 Qe7 20. Qf2 e5 21. dxe5 Bxe5 22. Nc5 Bxg4 23. Rhg1 h5 24. Re1 Rd5 25. Bf5+ Bxf5+ 26. Qxf5+ Kc7 27. Rxg7 Qxh4 28. Qxf7+ Kb6 29. Qxb7+ Kxc5 30. b4+ 1-0

[Event "HUN-chT2 Asztalos 1415"]
[Site "Hungary"]
[Date "2015.03.01"]
[Round "7.2"]
[White "Nemeth, Antal"]
[Black "Botos, Ferenc"]
[Result "1-0"]
[WhiteElo "2283"]
[BlackElo "2176"]
[PlyCount "91"]
[EventDate "2014.10.12"]
[EventType "team-tourn"]
[EventRounds "9"]
[EventCountry "HUN"]
[SourceTitle "EXT 2016"]
[Source "ChessBase"]
[SourceDate "2015.10.08"]
[SourceVersion "1"]
[SourceVersionDate "2015.10.08"]
[SourceQuality "1"]
[WhiteTeam "Baja Spartacus"]
[BlackTeam "Fehervar"]
[WhiteTeamCountry "HUN"]
[BlackTeamCountry "HUN"]

1. Nf3 Nf6 2. d4 c5 3. g3 cxd4 4. Nxd4 e5 5. Nb3 h6 6. c4 Qc7 7. Bg2 Bb4+ 8. N3d2 Qxc4 9. 0-0 Qc7 10. a3 Be7 11. Nc3 a6 12. Nde4 0-0 13. Nxf6+ Bxf6 14. Be3 Bd8 15. Nd5 Qd6 16. Rc1 Nc6 17. Bc5 Qe6 18. Bxf8 Kxf8 19. e3 Rb8 20. f4 d6 21. f5 Qd7 22. b4 f6 23. Rc3 Na7 24. a4 a5 25. b5 b6 26. Qd3 Bb7 27. g4 Rc8 28. Rfc1 Rc5 29. Rxc5 bxc5 30. Nc3 Nc8 31. Bxb7 Qxb7 32. Qd5 Qxd5 33. Nxd5 Ke8 34. Kf2 Kd7 35. Ke2 Nb6 36. Nxb6+ Bxb6 37. e4 Kc7 38. Kd3 d5 39. exd5 Kd6 40. Kc4 Bc7 41. b6 Bxb6 42. Rb1 Bc7 43. Rb5 Kd7 44. Rxc5 Bb6 45. Rc6 Bc7 46. Ra6 1-0

[Event "HUN-chT2 Asztalos 1314"]
[Site "Hungary"]
[Date "2014.03.02"]
[Round "6.1"]
[White "Taskovits, Istvan"]
[Black "Botos, Ferenc"]
[Result "1/2-1/2"]
[WhiteElo "2264"]
[BlackElo "2194"]
[PlyCount "94"]
[EventDate "2013.09.08"]
[EventType "team-tourn"]
[EventRounds "9"]
[EventCountry "HUN"]
[SourceTitle "EXT 2016"]
[Source "ChessBase"]
[SourceDate "2015.10.08"]
[SourceVersion "1"]
[SourceVersionDate "2015.10.08"]
[SourceQuality "1"]
[WhiteTeam "Decs 1990 II"]
[BlackTeam "Fehervar"]
[WhiteTeamCountry "HUN"]
[BlackTeamCountry "HUN"]

1. c4 Nf6 2. Nc3 g6 3. e4 d6 4. d4 Bg7 5. Be2 0-0 6. Be3 Nbd7 7. Nf3 e5 8. d5 Ng4 9. Bg5 f6 10. Bd2 Nh6 11. Qc1 Nf7 12. g4 a5 13. Rg1 Nc5 14. Be3 b6 15. Qd2 Kh8 16. h4 f5 17. gxf5 gxf5 18. Ng5 f4 19. Bxc5 dxc5 20. 0-0-0 Bh6 21. Nxf7+ Rxf7 22. Bg4 Qf8 23. f3 Bxg4 24. Rxg4 Rd8 25. Rdg1 Rg7 26. Qc2 Qf6 27. Rxg7 Bxg7 28. Qg2 Qf7 29. Nb5 Bf6 30. Qg4 Qe7 31. h5 h6 32. Qg6 Bg5 33. Rd1 Rg8 34. Qc6 Rg7 35. Kc2 Qf7 36. Rd3 Kh7 37. Kc3 Qxh5 38. Nxc7 Qh1 39. Kb3 Qb1 40. Rc3 Bd8 41. Ne6 Rg2 42. Qd7+ Kh8 43. Qe8+ Kh7 44. Qf7+ Kh8 45. Qe8+ Kh7 46. Nxd8 Kg7 47. Qe7+ Kg8 1/2-1/2

[Event "HUN-chT2 Asztalos 1314"]
[Site "Hungary"]
[Date "2013.09.08"]
[Round "1.2"]
[White "Botos, Ferenc"]
[Black "Pribek, Laszlo"]
[Result "1/2-1/2"]
[WhiteElo "2194"]
[BlackElo "2156"]
[PlyCount "28"]
[EventDate "2013.09.08"]
[EventType "team-tourn"]
[EventRounds "9"]
[EventCountry "HUN"]
[SourceTitle "EXT 2016"]
[Source "ChessBase"]
[SourceDate "2015.10.08"]
[SourceVersion "1"]
[SourceVersionDate "2015.10.08"]
[SourceQuality "1"]
[WhiteTeam "Fehervar"]
[BlackTeam "MAV Elore"]
[WhiteTeamCountry "HUN"]
[BlackTeamCountry "HUN"]

1. d4 c5 2. d5 Nf6 3. Nc3 d6 4. e4 g6 5. Be2 Bg7 6. g4 Qb6 7. g5 Nfd7 8. Qd3 Na6 9. a3 Nc7 10. Nf3 Ne5 11. Nxe5 Bxe5 12. f4 Bd4 13. Bf3 Bd7 14. Rb1 c4 1/2-1/2

[Event "HUN-chT2 Charousek 1213"]
[Site "Hungary"]
[Date "2012.09.16"]
[Round "1"]
[White "Botos, Ferenc"]
[Black "Trbojevic, Mladen"]
[Result "0-1"]
[WhiteElo "2213"]
[BlackElo "2329"]
[PlyCount "70"]
[EventDate "2012.09.16"]
[EventType "team-tourn"]
[EventRounds "11"]
[EventCountry "HUN"]
[SourceTitle "EXT 2014"]
[Source "ChessBase"]
[SourceDate "2013.11.20"]
[SourceVersion "1"]
[SourceVersionDate "2013.11.20"]
[SourceQuality "1"]
[WhiteTeam "Fehervar"]
[BlackTeam "Haladas II"]
[WhiteTeamCountry "HUN"]
[BlackTeamCountry "HUN"]

1. d4 Nf6 2. Nf3 g6 3. c4 Bg7 4. Nc3 d5 5. cxd5 Nxd5 6. Qb3 Nb6 7. Bf4 Be6 8. Qc2 Nc6 9. e3 Nb4 10. Qd1 0-0 11. a3 N4d5 12. Bg3 c5 13. Rc1 Rc8 14. Be2 cxd4 15. Nxd4 Nxc3 16. Rxc3 Rxc3 17. bxc3 Bd5 18. 0-0 e5 19. Nb5 a6 20. c4 Bxc4 21. Nc3 Qc7 22. e4 Rd8 23. Qb1 Bxe2 24. Nxe2 Na4 25. Rc1 Qd6 26. Bh4 Bf6 27. Bxf6 Qxf6 28. Qxb7 Rd2 29. Kf1 Qd6 30. Qb1 Rb2 31. Rc8+ Kg7 32. Qe1 Qd3 33. f3 Rd2 34. Rc1 Nb2 35. Rc3 Rxe2 0-1

[Event "HUN-chT2 Charousek 1112"]
[Site "Hungary"]
[Date "2012.04.22"]
[Round "9"]
[White "Botos, Ferenc"]
[Black "Morvay, Miklos"]
[Result "0-1"]
[WhiteElo "2214"]
[BlackElo "2215"]
[PlyCount "142"]
[EventDate "2011.09.25"]
[EventType "team-tourn"]
[EventRounds "11"]
[EventCountry "HUN"]
[SourceTitle "EXT 2013"]
[Source "ChessBase"]
[SourceDate "2012.11.22"]
[SourceVersion "1"]
[SourceVersionDate "2012.11.22"]
[SourceQuality "1"]
[WhiteTeam "Fehervar"]
[BlackTeam "Budapest MTK"]
[WhiteTeamCountry "HUN"]
[BlackTeamCountry "HUN"]

1. d4 Nf6 2. Nf3 c5 3. e3 g6 4. c4 Bg7 5. Nc3 cxd4 6. exd4 d5 7. Qb3 0-0 8. cxd5 Nbd7 9. d6 exd6 10. Be2 Nb6 11. 0-0 Be6 12. Qc2 Rc8 13. Bg5 Nbd5 14. Qa4 Qb6 15. Qa3 Qb4 16. Qxb4 Nxb4 17. Bf4 Rfd8 18. a3 Nbd5 19. Bd2 Nxc3 20. Bxc3 Nd5 21. Bd2 Rc2 22. b4 Bxd4 23. Rac1 Rxc1 24. Rxc1 Bb2 25. Rb1 Bf6 26. Ng5 Nc3 27. Bxc3 Bxg5 28. g3 Bf5 29. Rd1 Rc8 30. Bd4 Bc2 31. Rf1 Be4 32. f3 Bd5 33. f4 Be7 34. Rd1 Be4 35. b5 d5 36. a4 b6 37. Kf2 Rc2 38. Ke3 Bb4 39. Bd3 Bxd3 40. Kxd3 Rc4 41. Bf6 Kf8 42. Ke2 Be7 43. Be5 f6 44. Bb8 Rxa4 45. Rxd5 a6 46. Bc7 Ra5 47. Bxb6 Rxb5 48. Rxb5 axb5 49. Kd3 Kf7 50. Kd4 Ke6 51. Ba5 h5 52. h3 Bd6 53. Bd2 Kf5 54. Kd5 Bf8 55. Kc6 b4 56. Kd5 b3 57. Bc1 Bb4 58. Bb2 Be7 59. Bc1 g5 60. fxg5 fxg5 61. Kc4 g4 62. hxg4+ hxg4 63. Kxb3 Ke4 64. Kc2 Kf3 65. Kd1 Bd6 66. Bb2 Kxg3 67. Ke2 Kh2 68. Bd4 g3 69. Kf3 g2 70. Kg4 Kh1 71. Kh3 Bh2 0-1

[Event "HUN-chT2 Charousek 1112"]
[Site "Hungary"]
[Date "2012.03.25"]
[Round "8"]
[White "Orso, Miklos"]
[Black "Botos, Ferenc"]
[Result "1/2-1/2"]
[WhiteElo "2363"]
[BlackElo "2214"]
[PlyCount "81"]
[EventDate "2011.09.25"]
[EventType "team-tourn"]
[EventRounds "11"]
[EventCountry "HUN"]
[SourceTitle "EXT 2013"]
[Source "ChessBase"]
[SourceDate "2012.11.22"]
[SourceVersion "1"]
[SourceVersionDate "2012.11.22"]
[SourceQuality "1"]
[WhiteTeam "Aquaprofit II"]
[BlackTeam "Fehervar"]
[WhiteTeamCountry "HUN"]
[BlackTeamCountry "HUN"]

1. Nf3 d5 2. c4 c6 3. b3 Nf6 4. Bb2 Bf5 5. e3 e6 6. Be2 Nbd7 7. h3 h6 8. 0-0 Bd6 9. d3 Qe7 10. Nbd2 e5 11. cxd5 cxd5 12. Re1 0-0 13. Bf1 Bh7 14. Rc1 Rac8 15. Rxc8 Rxc8 16. Qa1 Ne8 17. Rc1 Rc6 18. Rxc6 bxc6 19. Qc1 Nb8 20. Qc3 f6 21. Be2 Bf5 22. e4 d4 23. Qc1 Be6 24. Nh4 Kh7 25. Nf5 Bxf5 26. exf5 Qd7 27. Bf3 Bc7 28. Nc4 g6 29. fxg6+ Kxg6 30. Qd2 f5 31. Bc1 Qg7 32. Qe2 Kh7 33. Kh1 Qf6 34. Bd2 Nd7 35. g3 Nb6 36. Bg2 Ng7 37. Qf3 Nd5 38. Na5 Bxa5 39. Bxa5 Ne6 40. Bd2 Nc5 41. Kg1 1/2-1/2

[Event "HUN-chT2 Asztalos 1011"]
[Site "Hungary"]
[Date "2011.04.10"]
[Round "8.3"]
[White "Botos, Ferenc"]
[Black "Nogradi, Gabor"]
[Result "1-0"]
[WhiteElo "2163"]
[BlackElo "2069"]
[PlyCount "71"]
[EventDate "2010.09.12"]
[EventType "team-tourn"]
[EventRounds "11"]
[EventCountry "HUN"]
[SourceTitle "EXT 2012"]
[Source "ChessBase"]
[SourceDate "2011.11.24"]
[SourceVersion "1"]
[SourceVersionDate "2011.11.24"]
[SourceQuality "1"]
[WhiteTeam "Fehervar"]
[BlackTeam "Pecs Karmin"]
[WhiteTeamCountry "HUN"]
[BlackTeamCountry "HUN"]

1. d4 Nf6 2. Nc3 d5 3. Bg5 Nbd7 4. Nf3 h6 5. Bh4 e6 6. a3 c5 7. e3 a6 8. Qd2 Qc7 9. Bg3 Bd6 10. Bd3 Bxg3 11. hxg3 b5 12. 0-0 Bb7 13. Rfe1 0-0 14. dxc5 Nxc5 15. Bf1 Rfd8 16. Qe2 Nfe4 17. Nxe4 dxe4 18. Nd4 Na4 19. Rab1 Bd5 20. Qg4 Rac8 21. f3 Qd7 22. f4 Qe7 23. Be2 Ba2 24. Ra1 Bd5 25. b3 Nc3 26. Kf2 Nxe2 27. Rxe2 Rc3 28. a4 b4 29. Rh1 f5 30. Qg6 Qf7 31. Rxh6 Qxg6 32. Rxg6 Kf7 33. Rg5 g6 34. g4 Rh8 35. gxf5 gxf5 36. Nxf5 1-0

[Event "HUN-chT2 Asztalos 1011"]
[Site "Hungary"]
[Date "2010.10.24"]
[Round "4.5"]
[White "Botos, Ferenc"]
[Black "Wolosz, Robert"]
[Result "1-0"]
[WhiteElo "2163"]
[BlackElo "1893"]
[PlyCount "79"]
[EventDate "2010.09.12"]
[EventType "team-tourn"]
[EventRounds "11"]
[EventCountry "HUN"]
[SourceTitle "EXT 2012"]
[Source "ChessBase"]
[SourceDate "2011.11.24"]
[SourceVersion "1"]
[SourceVersionDate "2011.11.24"]
[SourceQuality "1"]
[WhiteTeam "Fehervar"]
[BlackTeam "Pannonpower II"]
[WhiteTeamCountry "HUN"]
[BlackTeamCountry "HUN"]

1. d4 d5 2. Nc3 Nf6 3. Bg5 e6 4. e4 dxe4 5. Bxf6 Qxf6 6. Nxe4 Qe7 7. c3 Nd7 8. Nf3 g6 9. h4 h6 10. Bd3 Bg7 11. Qc2 f5 12. Ng3 e5 13. 0-0-0 e4 14. Nxe4 fxe4 15. Bxe4 0-0 16. Bxg6 Rf6 17. Rde1 Qd6 18. Qb3+ Kh8 19. h5 Nf8 20. Bb1 Qf4+ 21. Re3 Rb6 22. Qc2 Be6 23. g3 Qf7 24. b3 Bf6 25. Ne5 Qg7 26. Rhe1 Qg5 27. f4 Qxh5 28. d5 Bg8 29. g4 Qe8 30. Nc4 Qf7 31. Nxb6 axb6 32. Qh2 Kg7 33. Rh1 Qxd5 34. Qxh6+ Kf7 35. g5 Bg7 36. Qh5+ Ng6 37. Bxg6+ Kf8 38. Rhe1 Bxc3 39. Qh6+ Bg7 40. Re8+ 1-0

[Event "HUN-chT2 Charousek 0910"]
[Site "Hungary"]
[Date "2010.02.28"]
[Round "7"]
[White "Sipos, Janos"]
[Black "Botos, Ferenc"]
[Result "1-0"]
[WhiteElo "2257"]
[BlackElo "2193"]
[PlyCount "61"]
[EventDate "2009.11.08"]
[EventType "team-tourn"]
[EventRounds "11"]
[EventCountry "HUN"]
[SourceTitle "EXT 2011"]
[Source "ChessBase"]
[SourceDate "2010.11.26"]
[SourceVersion "1"]
[SourceVersionDate "2010.11.26"]
[SourceQuality "1"]
[WhiteTeam "Aquaprofit II"]
[BlackTeam "Fehervar"]
[WhiteTeamCountry "HUN"]
[BlackTeamCountry "HUN"]

1. d4 Nf6 2. c4 e6 3. g3 d5 4. Bg2 c6 5. Qc2 Bd6 6. Nf3 Nbd7 7. 0-0 0-0 8. b3 Qe7 9. Bb2 e5 10. dxe5 Nxe5 11. cxd5 Nxd5 12. Nbd2 f6 13. Nd4 Nb6 14. Rad1 a6 15. Nf5 Bxf5 16. Qxf5 Rfe8 17. Ne4 Bc7 18. f4 Ng6 19. Rd3 Nd5 20. Rxd5 cxd5 21. Qxd5+ Kh8 22. Qxb7 f5 23. Ng5 h6 24. Qc6 Ne5 25. fxe5 hxg5 26. Qg6 Rad8 27. e6 Qc5+ 28. Kh1 Re7 29. Qxg5 Bb6 30. e4 fxe4 31. Qh4+ 1-0

[Event "HUN-chT2 Charousek 0910"]
[Site "Hungary"]
[Date "2009.11.08"]
[Round "1"]
[White "Botos, Ferenc"]
[Black "Biro, Sandor"]
[Result "0-1"]
[WhiteElo "2193"]
[BlackElo "2298"]
[PlyCount "104"]
[EventDate "2009.11.08"]
[EventType "team-tourn"]
[EventRounds "11"]
[EventCountry "HUN"]
[SourceTitle "EXT 2011"]
[Source "ChessBase"]
[SourceDate "2010.11.26"]
[SourceVersion "1"]
[SourceVersionDate "2010.11.26"]
[SourceQuality "1"]
[WhiteTeam "Fehervar"]
[BlackTeam "Alsoszolnok"]
[WhiteTeamCountry "HUN"]
[BlackTeamCountry "HUN"]

1. d4 d5 2. Nf3 Nc6 3. Bf4 Bg4 4. c3 e6 5. Qb3 Rb8 6. Nbd2 Bd6 7. Bxd6 cxd6 8. h3 Bxf3 9. gxf3 Nge7 10. e3 0-0 11. Bd3 e5 12. Qc2 f5 13. Nb3 e4 14. fxe4 fxe4 15. Bb5 Qc8 16. 0-0-0 Rf3 17. Bf1 Qf5 18. Rh2 Rf8 19. Rd2 Ng6 20. a3 Nh4 21. Re2 Qg5 22. Rh1 b5 23. Kb1 a6 24. Qd2 Qf6 25. Rh2 Rf5 26. Qc2 Qg6 27. Rh1 Rg5 28. Qc1 Rg1 29. Rxg1 Qxg1 30. Qe1 Nf3 31. Qd1 Ne7 32. Ka2 Ng6 33. a4 bxa4 34. Nd2 Nxd2 35. Rxd2 Rxf2 36. Rxf2 Qxf2 37. Bxa6 Qxe3 38. Qxa4 Kf7 39. Qd7+ Ne7 40. Bb5 Qh6 41. c4 Qe6 42. Qe8+ Kf6 43. Bd7 Qg8 44. Qxg8 Nxg8 45. c5 dxc5 46. dxc5 Ke5 47. b4 Nf6 48. Bb5 d4 49. Bc4 d3 50. Kb2 Kd4 51. c6 Ne8 52. b5 Nd6 0-1

[Event "HUN-chT2 Asztalos 0809"]
[Site "Hungary"]
[Date "2009.02.08"]
[Round "7"]
[White "Botos, Ferenc"]
[Black "Brindza, Istvan"]
[Result "1-0"]
[WhiteElo "2235"]
[BlackElo "2047"]
[PlyCount "101"]
[EventDate "2008.10.26"]
[EventType "team-tourn"]
[EventRounds "11"]
[EventCountry "HUN"]
[SourceTitle "EXT 2010"]
[Source "ChessBase"]
[SourceDate "2010.11.25"]
[SourceVersion "1"]
[SourceVersionDate "2010.11.25"]
[SourceQuality "1"]
[WhiteTeam "Fehervar"]
[BlackTeam "Baja"]
[WhiteTeamCountry "HUN"]
[BlackTeamCountry "HUN"]

1. d4 d5 2. Nf3 Nf6 3. c4 e6 4. Nc3 c5 5. cxd5 exd5 6. Bg5 Be6 7. Qb3 cxd4 8. Nxd4 Qb6 9. Qxb6 axb6 10. Bxf6 gxf6 11. Ndb5 Na6 12. 0-0-0 0-0-0 13. e3 Nc5 14. Bd3 Bh6 15. Bc2 f5 16. b4 Ne4 17. Bxe4 dxe4 18. g3 Bg5 19. Na4 Rxd1+ 20. Rxd1 Kb8 21. Nxb6 Rd8 22. Nc3 Rxd1+ 23. Kxd1 Kc7 24. Nba4 b6 25. Kc2 Bc4 26. Nb2 Be6 27. a3 Bf6 28. Ne2 Bd7 29. Nc1 Kd6 30. Nc4+ Kc6 31. Nb3 Be6 32. Nbd2 Kb5 33. Nb2 Kc6 34. Nb3 Kd5 35. Nd1 Kc4 36. Nd2+ Kd5 37. Nc3+ Kc6 38. Nb3 Kd6 39. Nb5+ Ke5 40. N3d4 Bd7 41. Kb3 Kd5 42. a4 Bd8 43. Nc3+ Kd6 44. Kc4 Ke5 45. Nd5 Bxa4 46. b5 Bd1 47. Nc6+ Kd6 48. Nxd8 Be2+ 49. Kd4 Bxb5 50. Nxf7+ Kc6 51. Ne5+ 1-0

[Event "HUN-chT2 Asztalos 0809"]
[Site "Hungary"]
[Date "2009.01.11"]
[Round "5"]
[White "Botos, Ferenc"]
[Black "Seres, Bela"]
[Result "0-1"]
[WhiteElo "2235"]
[BlackElo "2247"]
[PlyCount "64"]
[EventDate "2008.10.26"]
[EventType "team-tourn"]
[EventRounds "11"]
[EventCountry "HUN"]
[SourceTitle "EXT 2010"]
[Source "ChessBase"]
[SourceDate "2010.11.25"]
[SourceVersion "1"]
[SourceVersionDate "2010.11.25"]
[SourceQuality "1"]
[WhiteTeam "Fehervar"]
[BlackTeam "Mohacs"]
[WhiteTeamCountry "HUN"]
[BlackTeamCountry "HUN"]

1. d4 Nf6 2. Nf3 d5 3. g3 e6 4. Bg2 Be7 5. 0-0 0-0 6. b3 Nbd7 7. Bb2 b6 8. Nbd2 Bb7 9. Ne5 c5 10. e3 Qc7 11. f4 Rad8 12. Rc1 a5 13. g4 c4 14. c3 Nxe5 15. fxe5 Nd7 16. b4 f6 17. exf6 Bxf6 18. Rf3 Bg5 19. Nf1 e5 20. Rc2 e4 21. Rxf8+ Rxf8 22. Qe1 Qd8 23. Bc1 Bh4 24. Qd1 Nf6 25. Bd2 Bc8 26. h3 Nxg4 27. hxg4 Bf2+ 28. Kh1 Qh4+ 29. Nh2 Bg3 30. Qg1 Rf2 31. Rb2 Bxg4 32. Bc1 Rf6 0-1